000
00290nam a2200121 a 4500
005
20140414132056.0
008
100520s19uu xx 00 eng d
050
_a
REF 904
_b
D38 1992
100
_a
Davis, Lee
245
_a
Natural disasters.
650
_a
Natural disaster
999
_c
114307
_d
114307